Phonological interference in the English speech of Thai students /
محفوظ في:
| المؤلف الرئيسي: | |
|---|---|
| التنسيق: | أطروحة كتاب |
| اللغة: | English |
| منشور في: |
1983
|
| الموضوعات: | |
| الوسوم: |
إضافة وسم
لا توجد وسوم, كن أول من يضع وسما على هذه التسجيلة!
|
| LEADER | 00965cam a2200277 a 4500 | ||
|---|---|---|---|
| 001 | u36197 | ||
| 003 | SIRSI | ||
| 008 | 850427s1983 si v 00 eng | ||
| 015 | |a X850001406 | ||
| 035 | |a AAD-8976 | ||
| 040 | |a UMM | ||
| 043 | |a a-th--- | ||
| 050 | 0 | |a LB1579.E5 | |
| 090 | |a LB1579 |b E5Nop | ||
| 100 | 0 | 0 | |a Nopporn Singhapan |
| 245 | 1 | 0 | |a Phonological interference in the English speech of Thai students / |c by Nopporn Singhapan |
| 260 | |c 1983 | ||
| 300 | |a xi, 223 leaves : |b ill. ; |c 30cm | ||
| 502 | |a Dissertation (M.A.) -- National University of Singapore, 1983 | ||
| 504 | 0 | 0 | |a Bibliography: leaves 214-223 |
| 650 | 0 | |a English language |x Study and teaching (Secondary) |x Thai speakers. | |
| 650 | 0 | |a English language |x Phonology | |
| 650 | 0 | |a English language |x Pronunciation by foreign speakers. | |
| 948 | |a 16/03/1991 |b 14/08/2002 | ||
| 596 | |a 1 | ||
| 999 | |a LB1579 E5NOP |w LC |c 1 |i A002916732 |d 22/7/2019 |e 22/7/2019 |l STACKS |m P01UTAMA |n 14 |r Y |s Y |t TESIS |u 19/3/1992 | ||
